000 00655nam a2200217Ii 4500
003 JO-AjNU
008 230605s9999||||xx |||||||||||||| ||und||
017 _a2007/7/2186
040 _aJO-AjNU
_bara
_erda
_cJO-AjNU
041 _aara
050 1 4 _aPJ7850.U616.B36 2007
100 3 _aتأليف الموسى،عصام سليمان,
_eauthor
_949190
245 0 0 _aبقايا ثلج: رواية
250 _aط1
264 3 1 _aعمان:المؤلف،2007
300 _a223ص
336 _atext
_btxt
_2rdacontent
337 _aunmediated
_bn
_2rdamedia
338 _avolume
_bnc
_2rdacarrier
650 4 _aالأدب العربي - روايات
_949191
999 _aA21590
_c25158
_d25158